00640nam a2200181 a 450000100100000000500170001000800410002702000150006804000250008308200190010824501540012726000400028130000210032150400310034265000300037365000330040370000220043600002188520200930011505.0100914s1999 cu 000 p spa d a9591004699 aDO-SdBNPbspacBNPHU aCu861.4bP153i04aLas palabras son islas :bpanorama de la poesía cubana siglo XX (1900-1989 /cSelección, introducción, notas y bibliografía Jorge Luis Arcos. aLa Habana :bLetras Cubanas,c1999. a645 p. ;c24 cm. aBibliografía: p. 595-628 4aPoesía cubanaySIGLO XX 4aLiteratura cubanay1900-19981 aArcos, Jorge Luis